000 00481nam a2200169Ia 4500
999 _c20939
_d20939
003 OSt
005 20201216131458.0
008 190216s9999||||xx |||||||||||||| ||und||
040 _coclc
082 _a491.1
_bPAR/D
100 _aParpola, Asko
_97597
245 0 _aDeciphering The Indus Script /
_c Asko Parpola
260 _bCambridge Uty Press,
_c2000.
_aNew York:
300 _a374p
650 _aHistory
942 _cREF
_2ddc
_h491.1
_iPAR/D
_k491.1
_mPAR/D